00835nam a2200217Ia 4500001001700000003000900017008004100026040002300067041001300090100002400103245005300127250001500180260002800195300001900223490001400242501012400256942000700380957000600387999004200393952018200435239-PIU an (957)IT-MiSPE171229s9999||||xx |||||||||||||| ||und|| aIT-MiSPEcIT-MiSPE aITALIANO aNazareno Fabbretti  0aLe piume dell'anticristo ovvero anticlericalismo a1a ed. (v) aMilanobIPLc(st.) 1955 a286 p. c19 cm aLe guglie aEdizioni San Paolo srl - Piazza Soncino, 5 - 20092 CINISELLO BALSAMO (MI) (non commercial uses only) ® Copyright 2018 cBK 71 a10810bNOg Copie: 1 c341493d341493 0010406239PIU_AN_95771aCINISELLObCINISELLOd2017-12-30l0o239-PIU an (957)r2017-12-30 00:00:00w2017-12-30yBKz(data import: 20 dicembre 2017) - By Epidotti, Vaglietti.